书目信息 |
| 题名: |
语文课堂的多维观察
|
|
| 作者: | 李卫东 著 | |
| 分册: | ||
| 出版信息: | 南宁 广西教育出版社 2020.09 |
|
| 页数: | 252页 | |
| 开本: | 25cm | |
| 丛书名: | 中国语文教育研究丛书 | |
| 单 册: | ||
| 中图分类: | G633.302 | |
| 科图分类: | ||
| 主题词: | 语文课--yu wen ke--课堂教学--教学研究--中小学 | |
| 电子资源: | ||
| ISBN: | 978-7-5435-8549-2 | |
| 000 | 00837nam 2200265 450 | |
| 001 | 012001000298 | |
| 005 | 20140131130833.0 | |
| 010 | @a978-7-5435-8549-2@dCNY38.00 | |
| 099 | @aCAL 012018175765 | |
| 100 | @a20220905d2018 em y0chiy50 ea | |
| 101 | 0 | @achi |
| 102 | @aCN@b450000 | |
| 105 | @aa a 000yy | |
| 106 | @ar | |
| 200 | 1 | @a语文课堂的多维观察@Ayu wen ke tang de duo wei guan cha@f李卫东著 |
| 210 | @a南宁@c广西教育出版社@d2020.09 | |
| 215 | @a252页@c图@d25cm | |
| 225 | 2 | @a中国语文教育研究丛书@Azhong guo yu wen jiao yu yan jiu cong shu |
| 320 | @a有书目 (第238-239页) | |
| 410 | 0 | @12001 @a中国语文教育研究丛书 |
| 606 | 0 | @a语文课@Ayu wen ke@x课堂教学@x教学研究@x中小学 |
| 690 | @aG633.302@v5 | |
| 701 | 0 | @a李卫东@Ali wei dong@4著 |
| 801 | 0 | @aCN@bAHXH@c20221111 |
| 905 | @b1364147-51@dG633.302@e1011@f5 | |
| 语文课堂的多维观察/李卫东著.-南宁:广西教育出版社,2020.09 |
| 252页:图;25cm.-(中国语文教育研究丛书) |
| ISBN 978-7-5435-8549-2:CNY38.00 |
| ● |
| 相关链接 |
|
|
|
|
正题名:语文课堂的多维观察
索取号:G633.302/1011
 
预约/预借
| 序号 | 登录号 | 条形码 | 馆藏地/架位号 | 状态 | 备注 |
| 1 | 1364147 | 213641479 | 第一样本阅览室/ [索取号:G633.302/1011] | 在馆 | |
| 2 | 1364148 | 213641488 | 教育系资料室/ [索取号:G633.302/1011] | 在馆 | |
| 3 | 1364149 | 213641497 | 教育系资料室/ [索取号:G633.302/1011] | 在馆 | |
| 4 | 1364150 | 213641503 | 第四借阅区/ [索取号:G633.302/1011] | 在馆 | |
| 5 | 1364151 | 213641512 | 第四借阅区/ [索取号:G633.302/1011] | 在馆 |